1469 1732 1277 1147 1525 1849 1355 1294 1740 1347 1477 1445 1080 1579 1400 1175 1140 1793 1224 1748 1652 1583 1971 1492 1269 1099 1954 1742 1538 1030 1825 1808 1112 1382 1540 1085 1727 1199 1545 1408 1530 1561 1051 1517 1623 1528 1753 1413 1936 1202 1926 1667 1955 1350 1557 1314 1265 1571 1177 1907 1635 1248 1770 1253 1456 1180 1742 1034 1713 1197 1144 1357 1386 1727 1016 1364 1068 1039 1273 1543 1748 1112 1569 1186 1533 1552 1896 1086 1838 1845 1447 1506 1821 1353 1839 1825 1619 1075 1083 BCNSPRNW ULIB Ver.6.0+V

เปลี่ยนเป็นภาษาไทย

Change to English
 แสดงรายละเอียดบรรณานุกรม
  กลับหน้าหลัก

Brief Record : Get Marc (ISO 2709) : E-mail record : QR code < ปิดหน้าต่าง
LEADER : 00000nam 2200000uu 4500
001    13399121753
003     ULIB
008    020711s2555 th a 000 0 tha d
020    9786160002962
090    นว.^bณ429ธ
100    ณารา
245    ธาดากุสุมา^cณารา
250    พิมพ์ครั้งที่ 2
260    กรุงเทพฯ :^bพิมพ์คำ,^c2555
300    502 หน้า
945    ^p300^l0^i033168
995    เกษร
999    ^aใช้งานได้ทุกระบบ
รายการนี้ยังไม่มีแท็ก
คุณยังไม่ได้ล็อกอิน คุณสามารถมีกิจกรรมร่วมกับเว็บไซต์ได้ แต่ต้องล็อกอินก่อน ::
  ล็อกอิน

รายการสื่อสารสนเทศ

ลำดับที่ ประเภท เลขเรียก/บาร์โค้ด สถานที่ สถานะ
1. นวนิยาย
นวนิยาย
นว. ณ429ธ  
  Barcode: 033168
ห้องสมุดวิทยาเขตสวรรค์ประชารักษ์
►นวนิยาย
บนชั้น
  ขอยืม

รายการใกล้เคียง
    ผู้แต่ง [ณารา]

BibComment


ยังไม่เคยถูกคอมเมนท์

คอมเมนท์ทรัพยากรรายการนี้
  คอมเมนท์: ธาดากุสุมา ณารา


 Copyright 2026. Bcnsprnw @Library